Enterprise Size as a Determinant of Industry 4.0 Implementation: An Analysis of the Relationship Between Workforce Size and Digital Transformation in Service Sectors
Guardado en:
| Autor principal: | |
|---|---|
| Formato: | Capítulo de libro |
| Lenguaje: | inglés |
| Materias: | |
| Etiquetas: |
Sin Etiquetas, Sea el primero en etiquetar este registro!
|
MARC
| LEADER | 00000naa$a2200000$$$4500 | ||
|---|---|---|---|
| 001 | 0314373 | ||
| 005 | 20260128081147.6 | ||
| 041 | 0 | |a eng | |
| 044 | |a SK | ||
| 245 | 1 | 0 | |a Enterprise Size as a Determinant of Industry 4.0 Implementation: An Analysis of the Relationship Between Workforce Size and Digital Transformation in Service Sectors |c Filip Stovíček |
| 610 | 2 | 0 | |a ekonómia |
| 610 | 2 | 0 | |a manažment |
| 610 | 2 | 0 | |a podnikanie |
| 610 | 2 | 0 | |a digitalizácia |
| 610 | 2 | 0 | |a financie |
| 100 | 1 | |a Stovíček, Filip, 1998- | |